000 00936nam a22002417a 4500
003 OSt
005 20260312123332.0
008 260312b |||||||| |||| 00| 0 eng d
020 _a9781529421361
040 _aKenya National Library Service
082 _a170 SCH
100 _aSchur, Michael
245 _aHow to be perfect :
_bthe correct answer to every moral question /
_cMichael Schur.
300 _axi, 289 pages :
_billustrations ;
_c19 cm
504 _aIncludes bibliographical references and index
520 _aThe book breaks down the history of ethics into inspiring everyday wisdom. it is a fool-proof guide to making the correct moral decision in every situation you could ever encounter, anywhere on earth.
650 _aMoral philosophy
650 _aDecision making—Moral and ethical aspects
650 _aEthics
942 _2ddc
_cBK
_n0
999 _c491407
_d491407